| 000 | 00491cam a2200193ua 4500 | ||
|---|---|---|---|
| 001 | 7134 | ||
| 008 | 141126n ii |||gr||||Z||||||eng | ||
| 020 | _a3788176257664 | ||
| 040 | _cMAIN | ||
| 041 | _aeng | ||
| 082 | _a370 | ||
| 100 |
_aFox, Charles, _eAuthor. |
||
| 245 | 1 |
_aEducational psychology : _bIts problems and methods / _cBy Charles Fox . |
|
| 250 | _a4th rev. | ||
| 260 |
_aNew Delhi: _bSarup, _c2011. |
||
| 300 | _axi,484p. | ||
| 653 | _aEducational psychology | ||
| 942 | _cBK | ||
| 999 |
_c6260 _d6260 |
||